000
00335nam a2200133Ia 4500
008
151021s9999 xx 000 0 und d
020
_a
9966724966
050
_a
pz 7 .W25C
245
_a
_Tales From Africa
260
_a
Nairobi Acrodile 2004
300
_a
v,169p.
650
_a
_Story-susan
980
_a
^d20131016 10:39:15^oanne
999
_c
14497
_d
14497